|
|
|
|
| LEADER |
00000nab a2200000uu 4500 |
| 001 |
vtls011512576 |
| 003 |
SK-MaSNL |
| 005 |
20260303191133.0 |
| 008 |
230704|1937 xo |||||||||||||||||slo| |
| 015 |
|
|
|a SNBRB
|
| 035 |
|
|
|a (urnnbn)urn:nbn:sk:snk:ar-001cp7
|
| 035 |
|
|
|a (uuid)367d8b01-76ed-411c-9cd9-8eca3b846d9d
|
| 035 |
|
|
|a urn:nbn:sk:snk-abe2wc
|
| 040 |
|
|
|a SNKBUCL
|b slo
|c SNKBUCL
|e AACR2
|
| 041 |
0 |
|
|a slo
|
| 044 |
|
|
|a xo
|c SK
|
| 100 |
1 |
|
|a Bokesová, Zdenka,
|d 1911-1962
|4 aut
|9 64352
|
| 245 |
1 |
0 |
|a Prvý európsky festival v Trenčianskych Tepliciach
|c Zd. Bokeszová
|
| 773 |
0 |
|
|t Slovenské pohľady
|g Roč. 53, č. 10 (1937), s. 585-587
|
| 850 |
|
|
|a Slovenská národná knižnica
|
| 852 |
|
|
|a Slovenská národná knižnica
|
| 954 |
|
|
|a odborná, vedecká literatúra pôvodná (slovenská)
|2 lita
|
| 958 |
|
|
|a OND
|
| 958 |
|
|
|a EUIPO
|
| 958 |
|
|
|a article21
|
| 999 |
|
|
|c 2139557
|d 2141487
|